[Event "38th North Shore Open-A"]
[Site "North Shore"]
[Date "2012.09.23"]
[Round "4.11"]
[White "Wells, Clinton A"]
[Black "Krstev, Antonio"]
[Result "0-1"]
[WhiteElo "1906"]
[BlackElo "2175"]
[PlyCount "70"]
[EventDate "2012.09.23"]
[EventType "swiss"]
[EventRounds "5"]
[EventCountry "NZL"]
[SourceDate "2012.09.22"]

1. Nf3 d5 2. d4 Nf6 3. Bg5 Ne4 4. Bh4 Nd7 5. e3 c6 6. c3 h6 7. Bd3 Ndf6 8. Ne5
g5 9. Bg3 Qb6 10. Qc2 Bg7 11. f3 Nxg3 12. hxg3 Nd7 13. Ng4 h5 14. Nf2 Qc7 15.
g4 Qg3 16. Rh3 Qxg2 17. Bf1 Qg1 18. Rh1 Qg3 19. Rh3 Qd6 20. e4 e5 21. dxe5 Nxe5
22. exd5 hxg4 23. Rxh8+ Bxh8 24. Nd2 gxf3 25. Qh7 Qf6 26. Qg8+ Kd7 27. Nde4 Qg7
28. dxc6+ Nxc6 29. O-O-O+ Ke7 30. Qxg7 Bxg7 31. Re1 g4 32. Ng3+ Kf8 33. Bd3
Bh6+ 34. Kb1 Bf4 35. Nfe4 f5 0-1

[Event "38th North Shore Open-A"]
[Site "North Shore"]
[Date "2012.09.23"]
[Round "4.12"]
[White "Gunn, Neil J"]
[Black "Yao, Winston"]
[Result "1-0"]
[WhiteElo "2014"]
[BlackElo "1846"]
[PlyCount "71"]
[EventDate "2012.09.23"]
[EventType "swiss"]
[EventRounds "5"]
[EventCountry "NZL"]
[SourceDate "2012.09.22"]

1. c4 c5 2. Nc3 g6 3. Nf3 Bg7 4. d3 Nc6 5. e4 Nf6 6. Be2 O-O 7. O-O d6 8. h3
Bd7 9. Be3 Ne8 10. Qd2 Nc7 11. Bh6 Ne6 12. Bxg7 Kxg7 13. Nh2 Ned4 14. f4 Nxe2+
15. Nxe2 Qa5 16. Nc3 Nd4 17. Qf2 e6 18. Nf3 Nxf3+ 19. Qxf3 Qd8 20. Qe3 b6 21.
Rad1 Bc6 22. f5 h5 23. f6+ Kh7 24. Qg5 Rg8 25. d4 Qf8 26. d5 exd5 27. exd5 Bd7
28. Rde1 Bf5 29. Re7 a6 30. Rxf5 Re8 31. Rf1 Rd8 32. Ne4 Rh8 33. Qf4 Kg8 34.
Nxd6 Rb8 35. Rfe1 Rh7 36. Re8 1-0

[Event "38th North Shore Open-A"]
[Site "North Shore"]
[Date "2012.09.23"]
[Round "4.14"]
[White "Zhang, Leo"]
[Black "Budd, Michael"]
[Result "1-0"]
[WhiteElo "1771"]
[BlackElo "1794"]
[PlyCount "93"]
[EventDate "2012.09.23"]
[EventType "swiss"]
[EventRounds "5"]
[EventCountry "NZL"]
[SourceDate "2012.09.22"]

1. d4 Nf6 2. c4 e6 3. Nc3 b6 4. Nf3 Bb7 5. e3 Be7 6. g3 O-O 7. Bg2 d5 8. cxd5
Nxd5 9. Nxd5 Bxd5 10. O-O Nd7 11. Re1 Nf6 12. Bd2 Ne4 13. a3 c5 14. Rc1 Nxd2
15. Qxd2 cxd4 16. exd4 Rb8 17. Ne5 Bxg2 18. Kxg2 Rc8 19. Kg1 Bf6 20. Rxc8 Qxc8
21. Qe3 Bxe5 22. dxe5 h6 23. Rc1 Qb7 24. Qc3 Rd8 25. f3 b5 26. Kg2 Qd5 27. Rc2
a6 28. h3 Qc4 29. Qxc4 bxc4 30. f4 Rd3 31. h4 Rb3 32. Kh3 Kh7 33. Rxc4 Rxb2 34.
Rc6 Kg6 35. Rxa6 h5 36. a4 Kf5 37. a5 Ra2 38. Ra7 Ke4 39. Rxf7 Kf3 40. f5 Kf2
41. g4 hxg4+ 42. Kxg4 exf5+ 43. Rxf5+ Ke3 44. e6 Rg2+ 45. Kh3 Rg6 46. Re5+ Kf4
47. e7 1-0

[Event "38th North Shore Open-A"]
[Site "North Shore"]
[Date "2012.09.23"]
[Round "5.1"]
[White "Steadman, Michael VR"]
[Black "Koop, Thorben"]
[Result "0-1"]
[WhiteElo "2314"]
[BlackElo "2127"]
[PlyCount "62"]
[EventDate "2012.09.23"]
[EventType "swiss"]
[EventRounds "5"]
[EventCountry "NZL"]
[SourceDate "2012.09.22"]

1. d4 Nf6 2. c4 g6 3. Nc3 Bg7 4. e4 O-O 5. Be2 c6 {(=)} 6. e5 Ne8 7. f4 d6 8.
Nf3 a6 9. O-O b5 10. Qe1 e6 11. Be3 Nd7 12. c5 dxc5 13. dxc5 Qe7 14. Ne4 f6 15.
Qg3 Bh6 16. Qh4 Bg7 17. Rad1 Nc7 18. Rd6 Nd5 19. Bc1 h6 20. Nd4 fxe5 21. Qxe7
Nxe7 22. Nxe6 Nf5 23. Nxf8 Nxd6 24. Nxd7 Nxe4 25. Nxe5 Nxc5 26. Nxg6 Bd4+ 27.
Kh1 Ne4 28. g4 Be6 29. f5 Bxa2 30. Ne7+ Kf7 31. Nxc6 Bd5 0-1

[Event "38th North Shore Open-A"]
[Site "North Shore"]
[Date "2012.09.23"]
[Round "5.2"]
[White "Pinic, Noel"]
[Black "Li, Zuhao Luke"]
[Result "1/2-1/2"]
[WhiteElo "2251"]
[BlackElo "2333"]
[PlyCount "83"]
[EventDate "2012.09.23"]
[EventType "swiss"]
[EventRounds "5"]
[EventCountry "NZL"]
[SourceDate "2012.09.22"]

1. e4 e6 2. d4 d5 3. exd5 exd5 4. Nc3 Nc6 5. Nf3 Nf6 6. Be2 Be7 7. O-O O-O 8.
Bf4 Ne4 9. Ne5 Nxc3 10. bxc3 Nxe5 11. Bxe5 Bd6 12. Bxd6 Qxd6 13. Bd3 c5 14. Qf3
c4 15. Bf5 Qf6 16. Bg4 Bxg4 17. Qxg4 Rfe8 18. Rfe1 Qg6 19. Qd7 Qc6 20. Qxc6
bxc6 21. Rxe8+ Rxe8 22. Rb1 Kf8 23. Kf1 f6 24. a4 Re7 25. Rb8+ Re8 26. Rb4 Kf7
27. a5 Ke6 28. Ke2 Kd6+ 29. Kd2 Kc7 30. Kc1 h5 31. Kb2 g5 32. h3 f5 33. g3 f4
34. gxf4 gxf4 35. Kc1 h4 36. a6 Rb8 37. Rxb8 Kxb8 38. Kd2 Kc7 39. Ke2 Kb6 40.
Kf3 Kxa6 41. Kxf4 Kb6 42. Kg5 1/2-1/2

[Event "38th North Shore Open-A"]
[Site "North Shore"]
[Date "2012.09.23"]
[Round "5.3"]
[White "Lim, Benjamin U"]
[Black "McLaren, Leonard J"]
[Result "0-1"]
[WhiteElo "2056"]
[BlackElo "2318"]
[PlyCount "78"]
[EventDate "2012.09.23"]
[EventType "swiss"]
[EventRounds "5"]
[EventCountry "NZL"]
[SourceDate "2012.09.22"]

1. d4 Nf6 2. c4 e6 3. Nf3 b6 4. a3 Ba6 5. Qc2 Bb7 6. Nc3 c5 7. e3 Bxf3 8. gxf3
cxd4 9. exd4 Nc6 10. Be3 Rc8 11. b4 Be7 12. Bd3 O-O 13. h4 d5 14. c5 bxc5 15.
bxc5 e5 16. Bf5 exd4 17. Bxc8 Qxc8 18. Bf4 dxc3 19. Qxc3 Qf5 20. Bg3 d4 21. Qc1
Qxf3 22. O-O Rd8 23. Rb1 d3 24. Qf4 Qxf4 25. Bxf4 Bxc5 26. Rbc1 Ne4 27. Kg2 d2
28. Rcd1 Bxa3 29. f3 Nc3 30. Rxd2 Rxd2+ 31. Bxd2 Nd5 32. Ra1 Bb4 33. Bc1 a5 34.
Bb2 f6 35. Kf2 Kf7 36. Rd1 Ne5 37. Ke2 Ke6 38. Ra1 Nf4+ 39. Kf2 Nfd3+ 0-1

[Event "38th North Shore Open-A"]
[Site "North Shore"]
[Date "2012.09.23"]
[Round "5.4"]
[White "Dordevic, Ivan"]
[Black "Hague, Ben"]
[Result "1-0"]
[WhiteElo "2149"]
[BlackElo "2436"]
[PlyCount "51"]
[EventDate "2012.09.23"]
[EventType "swiss"]
[EventRounds "5"]
[EventCountry "NZL"]
[SourceDate "2012.09.22"]

1. e4 e6 2. d4 d5 3. Nc3 Bb4 4. e5 c5 5. a3 Bxc3+ 6. bxc3 Ne7 7. a4 Qa5 8. Qd2
Nbc6 9. Nf3 Bd7 10. Ba3 c4 11. Be2 O-O-O 12. O-O f6 13. Rfb1 Nf5 14. Rb5 Qa6
15. Qc1 h5 16. Rab1 b6 17. Qb2 Na5 18. Rc5+ Bc6 19. Nh4 Nxh4 20. Bb4 Kd7 21.
Bxa5 bxa5 22. Qa3 Nf5 23. g4 hxg4 24. Bxg4 g6 25. Bxf5 gxf5 26. Rxa5 1-0

[Event "38th North Shore Open-A"]
[Site "North Shore"]
[Date "2012.09.23"]
[Round "5.5"]
[White "Krstev, Antonio"]
[Black "Gao, Hans"]
[Result "1/2-1/2"]
[WhiteElo "2175"]
[BlackElo "2189"]
[PlyCount "92"]
[EventDate "2012.09.23"]
[EventType "swiss"]
[EventRounds "5"]
[EventCountry "NZL"]
[SourceDate "2012.09.22"]

1. d4 Nf6 2. c4 g6 3. Nc3 Bg7 4. e4 d6 5. f3 O-O 6. Be3 Nc6 7. Nge2 a6 8. Qd2
Rb8 9. a4 Nd7 10. h4 Na5 11. Nc1 c5 12. h5 Nc6 13. dxc5 dxc5 14. Bh6 Nf6 15.
Nd5 e6 16. Bxg7 Kxg7 17. hxg6 exd5 18. Qh6+ Kg8 19. gxh7+ Kh8 20. cxd5 Nd4 21.
Kf2 Re8 22. Qf4 Bd7 23. Rh6 Bf5 24. exf5 Nxd5 25. Qd2 Nxf5 26. Rh5 Nfe3 27. Nd3
Nf6 28. Qc3 Qd4 29. Qxd4 cxd4 30. Rh4 Rbc8 31. Ne1 Nc2 32. Nxc2 Rxc2+ 33. Kg3
Rxb2 34. Rxd4 Nxh7 35. Bc4 Rg8+ 36. Kf4 Rgxg2 37. Bxf7 Kg7 38. Be6 Ng5 39. Bg4
Nf7 40. Rc1 Rgd2 41. Re4 Rdc2 42. Rh1 Rc7 43. Rh5 b5 44. axb5 Rxb5 45. Rxb5
axb5 46. Rb4 Rc4+ 1/2-1/2

[Event "38th North Shore Open-A"]
[Site "North Shore"]
[Date "2012.09.23"]
[Round "5.6"]
[White "Yang, Scott"]
[Black "Zhang, William Jiewen"]
[Result "1-0"]
[WhiteElo "2103"]
[BlackElo "1864"]
[PlyCount "97"]
[EventDate "2012.09.23"]
[EventType "swiss"]
[EventRounds "5"]
[EventCountry "NZL"]
[SourceDate "2012.09.22"]

1. d4 e6 2. g3 f5 3. Nf3 Nf6 4. c4 Be7 5. Nc3 O-O 6. Bg2 d6 7. b3 a5 8. Bb2 Qe8
9. Qc2 Nc6 10. a3 e5 11. d5 Nb8 12. Ng5 Bd8 13. Nb5 e4 14. Qc3 h6 15. Nh3 Qf7
16. Nf4 Ng4 17. O-O Bf6 18. Qd2 Bxb2 19. Qxb2 Na6 20. Qc3 b6 21. Nd4 Qf6 22.
Rfd1 Ne5 23. Rac1 Rf7 24. b4 Nb8 25. Nfe6 c5 26. Nb5 axb4 27. axb4 Bxe6 28.
dxe6 Qxe6 29. Rxd6 Qe7 30. Qd2 Nbc6 31. bxc5 bxc5 32. Qd5 Ra2 33. Nc3 Ra5 34.
Rxc6 Nxc6 35. Qxc6 Qd7 36. Qxd7 Rxd7 37. Nd5 Ra2 38. e3 Rb7 39. Bh3 g6 40. g4
fxg4 41. Bxg4 Rd2 42. Nf6+ Kg7 43. Nxe4 Ra2 44. Nxc5 Rbb2 45. Ne4 h5 46. Be6
Ra6 47. Bd5 Rb8 48. c5 Rc8 49. Bb7 1-0

[Event "38th North Shore Open-A"]
[Site "North Shore"]
[Date "2012.09.23"]
[Round "5.8"]
[White "Ang, Alphaeus Wei Ern"]
[Black "Johns, Daniel P"]
[Result "1/2-1/2"]
[WhiteElo "1814"]
[BlackElo "1935"]
[PlyCount "92"]
[EventDate "2012.09.23"]
[EventType "swiss"]
[EventRounds "5"]
[EventCountry "NZL"]
[SourceDate "2012.09.22"]

1. d4 Nf6 2. c4 e6 3. Nc3 d5 4. Bg5 Be7 5. Nf3 Nbd7 6. e3 O-O 7. Bd3 dxc4 8.
Bxc4 Nb6 9. Bb3 Re8 10. O-O Nfd7 11. Bxe7 Qxe7 12. e4 c5 13. Rc1 cxd4 14. Nxd4
Rd8 15. Qe2 Nc5 16. Rfd1 Nxb3 17. Nxb3 Bd7 18. e5 Bc6 19. Nd4 Rac8 20. Nxc6
Rxc6 21. Ne4 Rxc1 22. Rxc1 Nd5 23. g3 Rd7 24. Qb5 b6 25. Qa6 Rc7 26. Rc4 Rxc4
27. Qxc4 Qc7 28. Qxc7 Nxc7 29. Nc3 Kf8 30. Kg2 Ke7 31. b4 a5 32. b5 f6 33. f4
fxe5 34. fxe5 Nd5 35. Ne4 Nb4 36. a4 Kd7 37. Nd2 Nd3 38. Nc4 Kc7 39. Kf1 Nc5
40. Nb2 Kd7 41. Ke2 Ke7 42. Kf3 Kf7 43. Kf4 h6 44. g4 g5+ 45. Ke3 Ke7 46. h3
Kd7 1/2-1/2

[Event "38th North Shore Open-A"]
[Site "North Shore"]
[Date "2012.09.23"]
[Round "5.9"]
[White "Seabrook, Roy"]
[Black "Gunn, Neil J"]
[Result "1/2-1/2"]
[WhiteElo "1885"]
[BlackElo "2014"]
[PlyCount "81"]
[EventDate "2012.09.23"]
[EventType "swiss"]
[EventRounds "5"]
[EventCountry "NZL"]
[SourceDate "2012.09.22"]

1. e4 c5 2. Nf3 Nc6 3. c3 d5 4. exd5 Qxd5 5. Be2 e5 6. Qa4 Be7 7. O-O e4 8. Ne1
Nf6 9. Bc4 Qd6 10. d3 Be6 11. dxe4 Nxe4 12. Bb5 Nf6 13. Bf4 Qd7 14. Nf3 O-O 15.
Ne5 Qc8 16. Nxc6 bxc6 17. Bxc6 Bd7 18. Bxd7 Qxd7 19. Qxd7 Nxd7 20. Re1 Bf6 21.
Rd1 Rfe8 22. Na3 Nb6 23. Be3 Na4 24. Rd7 Nxb2 25. Bxc5 Re2 26. Kf1 Re6 27. Nb5
Rc8 28. Rxa7 h6 29. Bd4 Bxd4 30. Nxd4 Ree8 31. Nb5 Rc5 32. Nd6 Re6 33. Rb7 Nd3
34. Nb5 Rce5 35. g3 Re2 36. Rd7 Rxf2+ 37. Kg1 Ree2 38. Rxd3 Rg2+ 39. Kf1 Rgf2+
40. Kg1 Rg2+ 41. Kf1 1/2-1/2

[Event "38th North Shore Open-A"]
[Site "North Shore"]
[Date "2012.09.23"]
[Round "5.11"]
[White "Timergazi, Layla"]
[Black "Zhang, Leo"]
[Result "1-0"]
[WhiteElo "1755"]
[BlackElo "1771"]
[PlyCount "125"]
[EventDate "2012.09.23"]
[EventType "swiss"]
[EventRounds "5"]
[EventCountry "NZL"]
[SourceDate "2012.09.22"]

1. d4 Nf6 2. c4 c5 3. d5 b5 4. cxb5 a6 5. b6 Qxb6 6. Nc3 d6 7. e4 g6 8. Nf3 Bg7
9. Bd3 O-O 10. O-O Nbd7 11. h3 a5 12. Qc2 Ba6 13. Bxa6 Qxa6 14. Be3 Rfb8 15. a3
Nb6 16. b4 cxb4 17. axb4 Nc4 18. bxa5 Nxe3 19. fxe3 Rc8 20. Ra3 Rc5 21. Rfa1
Nxe4 22. Qxe4 Rxc3 23. Qxe7 Rxa3 24. Rxa3 Qc4 25. Kh2 Qxd5 26. a6 Qc5 27. Qb7
Ra7 28. Qb8+ Bf8 29. Rc3 Qxc3 30. Qxa7 d5 31. Qb6 Qc5 32. Qxc5 Bxc5 33. Nd4 Kg7
34. Nc6 Bxe3 35. a7 Bxa7 36. Nxa7 Kf6 37. Kg3 Ke5 38. Nb5 Ke4 39. Nd6+ Ke3 40.
Nxf7 d4 41. Nd6 d3 42. Nc4+ Ke2 43. Kg4 h6 44. h4 Kf2 45. g3 h5+ 46. Kf4 Kg2
47. g4 hxg4 48. Kxg4 Kh2 49. Ne5 Kg2 50. Nxd3 Kf1 51. Kg5 Ke2 52. Kxg6 Kxd3 53.
h5 Ke4 54. h6 Ke5 55. h7 Kf4 56. h8=Q Ke4 57. Qh5 Kf4 58. Qe2 Kg3 59. Kg5 Kh3
60. Qg4+ Kh2 61. Kf4 Kh1 62. Kf3 Kh2 63. Qg2# 1-0

[Event "38th North Shore Open-A"]
[Site "North Shore"]
[Date "2012.09.23"]
[Round "5.12"]
[White "Duneas, John"]
[Black "Wells, Clinton A"]
[Result "1-0"]
[WhiteElo "2226"]
[BlackElo "1906"]
[PlyCount "103"]
[EventDate "2012.09.23"]
[EventType "swiss"]
[EventRounds "5"]
[EventCountry "NZL"]
[SourceDate "2012.09.22"]

1. d4 d6 2. e4 g6 3. c4 Bg7 4. Nc3 Nd7 5. Nf3 e6 6. Be3 Ne7 7. Qd2 O-O 8. Bh6
d5 9. h4 dxe4 10. Bxg7 Kxg7 11. Nxe4 h5 12. O-O-O b6 13. Nfg5 Bb7 14. Be2 Bxe4
15. Nxe4 Ng8 16. f3 Ngf6 17. Ng5 Nh7 18. g4 Nxg5 19. hxg5 hxg4 20. f4 Qe7 21.
Bxg4 Rh8 22. d5 Rxh1 23. Rxh1 Rg8 24. dxe6 fxe6 25. Rd1 Nf8 26. Qd4+ Kf7 27.
Qe5 Nd7 28. Qxc7 Nc5 29. Qe5 Rd8 30. Be2 Rxd1+ 31. Kxd1 Nd7 32. Qe4 Qd6+ 33.
Kc2 Nc5 34. Qe3 Nd7 35. b3 e5 36. fxe5 Qxe5 37. Qd2 Nc5 38. Bd3 Nxd3 39. Kxd3
Ke6 40. b4 Qf5+ 41. Kc3 Qe5+ 42. Kb3 Qe4 43. c5 Qf3+ 44. Qc3 Qd5+ 45. Qc4 bxc5
46. bxc5 a5 47. Qxd5+ Kxd5 48. Ka4 Kc6 49. Kxa5 Kxc5 50. a3 Kc6 51. Kb4 Kb6 52.
Kc4 1-0

[Event "38th North Shore Open-A"]
[Site "North Shore"]
[Date "2012.09.23"]
[Round "5.13"]
[White "Hair, Philip I"]
[Black "Lyall, Simon"]
[Result "1-0"]
[WhiteElo "1895"]
[BlackElo "1880"]
[PlyCount "55"]
[EventDate "2012.09.23"]
[EventType "swiss"]
[EventRounds "5"]
[EventCountry "NZL"]
[SourceDate "2012.09.22"]

1. e4 e5 2. Nc3 Nf6 3. Nf3 Bb4 4. d3 Nc6 5. Bd2 O-O 6. g3 d6 7. Bg2 Bg4 8. h3
Bh5 9. O-O Qd7 10. Kh2 h6 11. Nd5 Bxd2 12. Nxf6+ gxf6 13. Qxd2 Kh7 14. Nh4 Bg6
15. f4 f5 16. exf5 Bxf5 17. Nxf5 exf4 18. Qxf4 Qe6 19. Be4 Kh8 20. Bd5 Qf6 21.
Nxh6 Qxf4 22. Rxf4 Ne5 23. Nxf7+ Nxf7 24. Rxf7 Rxf7 25. Bxf7 Rf8 26. Bb3 c6 27.
Kg2 d5 28. Rf1 1-0

[Event "38th North Shore Open-A"]
[Site "North Shore"]
[Date "2012.09.23"]
[Round "5.14"]
[White "Yao, Winston"]
[Black "Budd, Michael"]
[Result "1-0"]
[WhiteElo "1846"]
[BlackElo "1794"]
[PlyCount "85"]
[EventDate "2012.09.23"]
[EventType "swiss"]
[EventRounds "5"]
[EventCountry "NZL"]
[SourceDate "2012.09.22"]

1. e4 c6 2. d4 d5 3. Nd2 dxe4 4. Nxe4 Bf5 5. Ng3 Bg6 6. h4 h6 7. Nf3 Nd7 8. c3
e6 9. Bf4 Ngf6 10. Bc4 Nd5 11. Qd2 N7b6 12. Bb3 Bd6 13. Bxd6 Qxd6 14. c4 Nf4
15. c5 Qc7 16. cxb6 axb6 17. Ne5 Nd5 18. Nxg6 fxg6 19. Bxd5 exd5 20. Qe3+ Kd8
21. O-O Re8 22. Qd3 Qd6 23. a3 Kc7 24. Rae1 Rf8 25. Qe3 Rad8 26. Qe7+ Rd7 27.
Qxd6+ Kxd6 28. Ne2 Rf5 29. g3 g5 30. hxg5 Rxg5 31. Nf4 Rf5 32. Re6+ Kc7 33. Rg6
Kb8 34. Re1 Rff7 35. Re8+ Ka7 36. Ne6 b5 37. Rg8 Rd6 38. Nf4 Rdd7 39. Nh5 Kb6
40. R8xg7 Rxg7 41. Rxg7 Rxg7 42. Nxg7 Ka5 43. f4 1-0